MARC

Tag First Indicator Second Indicator Subfields
LEADER 00000cam a2200000 a 4500
001 in00000009894
005 20151222091407.0
008 860724s1986 enka b 00110 eng d
020 |a 0709912420 (v. 1 : pbk.) 
020 |a 0709947143 (v. 2 : pbk.) 
035 |a (OCoLC)14069544 
035 |9 AAA3726AM 
040 |a NLM  |c NLM  |d m/c  |d TXA  |d UtOrBLW 
049 |a TXAM  |v 1 [A12603405] 
050 4 |a RC570.7  |b .H64 1986 
060 0 0 |a WM 300  |b H716p 1986 
100 1 |a Hogg, James,  |d 1940- 
245 1 0 |a Profound retardation and multiple impairment /  |c James Hogg and Judy Sebba. 
264 1 |a London :  |b Croom Helm,  |c [1986] 
264 4 |c ©1986 
300 |a 2 volumes :  |b illustrations 
336 |a text  |b txt  |2 rdacontent 
337 |a unmediated  |b n  |2 rdamedia 
338 |a volume  |b nc  |2 rdacarrier 
504 |a Includes bibliographies and indexes. 
505 0 |a v. 1. Development and learning -- v. 2. Education and therapy. 
650 0 |a People with mental disabilities  |x Diseases. 
650 0 |a Vision disorders. 
650 0 |a Hearing disorders. 
650 0 |a People with disabilities. 
650 0 |a Developmental psychobiology. 
650 0 |a People with disabilities  |x Functional assessment. 
650 0 |a People with mental disabilities  |x Education. 
700 1 |a Sebba, Judy. 
999 |a MARS 
999 f f |s c1264316-f979-3a56-8c7e-7b1d88a56512  |i a1580537-ef91-31d4-b073-afbd092819a2  |t 0 
952 f f |p normal  |a Texas A&M University  |b College Station  |c Sterling C. Evans Library  |d Evans: Library Stacks  |t 0  |e RC570.7 .H64 1986  |h Library of Congress classification  |i unmediated -- volume  |k v.1  |m A14812603405 
998 f f |a RC570.7 .H64 1986  |s v.1  |t 0  |l Evans: Library Stacks